राष्ट्रवाद का अयोध्या कांड : (Record no. 120345)

MARC details
000 -LEADER
fixed length control field 01437nam a22002657a 4500
005 - DATE AND TIME OF LATEST TRANSACTION
control field 20170124103156.0
010 ## - LIBRARY OF CONGRESS CONTROL NUMBER
LC control number B-179093
020 ## - INTERNATIONAL STANDARD BOOK NUMBER
Terms of availability 300.00
International Standard Book Number 818143370
035 ## - SYSTEM CONTROL NUMBER
System control number B-179093
037 ## - SOURCE OF ACQUISITION
Source of stock number/acquisition Cen Lib/Ret
040 ## - CATALOGING SOURCE
Original cataloging agency DPL
Language of cataloging HN
082 ## - DEWEY DECIMAL CLASSIFICATION NUMBER
Classification number 954.13
Item number राष्ट्रवा
245 ## - TITLE STATEMENT
Title राष्ट्रवाद का अयोध्या कांड :
Statement of responsibility, etc आशिस नंदी...[et al.] ; अनुवादक अभय कुमार दुबे
Remainder of title रामजन्मभूमि आन्दोलन और आत्मा--भय की राजनीति /
246 ## - VARYING FORM OF TITLE
Title proper/short title Rashtriyavad ka ayodhya kand : ramjanmbhomi andolan aur atma bhay ki rajniti /
Remainder of title Ashim Nandi..[et al.] ; anuvadak Abhay Kumar ube
260 ## - PUBLICATION, DISTRIBUTION, ETC. (IMPRINT)
Place of publication, distribution, etc नई दिल्ली
Name of publisher, distributor, etc वाणी प्रकाशन
Date of publication, distribution, etc 2005
270 ## - ADDRESS
City नई दिल्ली
Address 4669/5, 29, ए, दरियागंज
Postal code 110002
300 ## - PHYSICAL DESCRIPTION
Extent 236पृ.
Dimensions 19सेमी(सजिल्द )
650 ## - SUBJECT ADDED ENTRY--TOPICAL TERM
Topical term or geographic name as entry element इतिहास-अयोध्या
General subdivision
Geographic subdivision
9 (RLIN) 89874
650 ## - SUBJECT ADDED ENTRY--TOPICAL TERM
Topical term or geographic name as entry element राष्ट्रवाद इतिहास--अयोध्या
9 (RLIN) 82874
650 ## - SUBJECT ADDED ENTRY--TOPICAL TERM
Topical term or geographic name as entry element History - Ayodhya
9 (RLIN) 89875
650 ## - SUBJECT ADDED ENTRY--TOPICAL TERM
Topical term or geographic name as entry element Nationalism History - Ayodhya
9 (RLIN) 89876
700 ## - ADDED ENTRY--PERSONAL NAME
Personal name नंदी, आशिस
9 (RLIN) 89877
700 ## - ADDED ENTRY--PERSONAL NAME
Personal name दुबे, अभय कुमार
9 (RLIN) 48572
942 ## - ADDED ENTRY ELEMENTS (KOHA)
Source of classification or shelving scheme Dewey Decimal Classification
Koha item type Hindi Books
Classification part 954.13
Call number suffix राष्ट्रवा
Holdings
Withdrawn status Lost status Damaged status Not for loan Home library Current library Date acquired Source of acquisition Cost, normal purchase price Total Checkouts Full call number Barcode Date last seen Copy number Cost, replacement price Price effective from Koha item type
        Central Library Central Library 22/09/2015 Cen Lib/Ref 300.00   954.13 राष्ट्रवा B-179093 22/09/2015 1 300.00 22/09/2015 Hindi Books

© Delhi Public Library
Hit Counter
free hit counter